Normal view
MARC view
Entry Personal Name
001 - CONTROL NUMBER
- control field: 47413
003 - CONTROL NUMBER IDENTIFIER
- control field: dpl
005 - DATE AND TIME OF LATEST TRANSACTION
- control field: 20120518172747.0
008 - FIXED-LENGTH DATA ELEMENTS
- fixed length control field: 120518|||a|||||| | ||| d
040 ## - CATALOGING SOURCE
- Original cataloging agency: dpl
- Transcribing agency: dpl
100 ## - HEADING--PERSONAL NAME
- Personal name: Hasan, Zoya
670 ## - SOURCE DATA FOUND
- Source citation: Work cat.: (dpl)56958: Hasan, Zoya, Politics of inclusion :, 2011
670 ## - SOURCE DATA FOUND
- Source citation: Work cat.: (dpl)56958: Hasan, Zoya, Politics of inclusion :, 2011
